00626nam a22001697a 4500003000900000008004100009040007100050082001800121100003100139245005100170260002700221300004400248505011000292650002000402650001600422650001800438AR-CdUCM190430b ||||| |||| 00| 0 spa d aMUNICIPALIDAD PROVINCIAL DEL CUSCOcBIBLIOTECA MUNICIPAL DEL CUSCO a985.13 /bP77 aPortugal Carbajal, Teodoro aLa zona del bajo urubamba :bLa convención / aCusco :bKhipu,c2006. a188 páginas ;bFotografías,c20 cm. aContenido: La zona del bajo urubamba -- Temas encargados a profesionales invitados -- temas especiales... aLa convención aQuillabamba aBajo urubamba